| 000 | 00683cam a2200277 4500 | ||
|---|---|---|---|
| 008 | 090401t1993 xxu||||| |||| 00| 0 eng d | ||
| 020 | _a0421481900 | ||
| 035 | _a(Sirsi) u68528 | ||
| 041 | _aeng | ||
| 050 | _a336.271 | ||
| 100 | _aGoy, David | ||
| 245 | _aVAT and property. | ||
| 250 | _a2nd ed. | ||
| 260 |
_aLondon _bSweet and Maxwell _c1993 |
||
| 300 | _axxxviii,320p. ; 25cm. | ||
| 350 | _a38 | ||
| 650 | _aCHARITIES | ||
| 650 | _aPROPERTY-COMMERCIAL PROPERTY | ||
| 650 | _aPROPERTY DEVELOPMENT | ||
| 650 |
_aRESIDENTIAL PROPERTY _96266 |
||
| 650 | _aVALUE ADDED TAX | ||
| 690 | _aTAXATION | ||
| 700 | _aWalters, John | ||
| 942 | _n0 | ||
| 948 | _c04/03/1997 | ||
| 999 |
_c95118 _d95118 |
||